|
|
|
|
| LEADER |
00000nas a22000007a 4500 |
| 001 |
ssj0008207 |
| 003 |
WaSeSS |
| 005 |
20200512172242.0 |
| 006 |
m d |
| 007 |
cr n |
| 008 |
050614c19889999flumn pss 0 a0eng c |
| 010 |
|
|
|a 2006212210
|
| 022 |
|
|
|a 1930-9457
|l 0898-3097
|y 0898-3097
|
| 035 |
|
|
|a (WaSeSS)ssj0008207
|
| 037 |
|
|
|b Hispanic Pub, Corp., 999 Ponce de Leon, Ste. 600, Coral Gables, FL 33134
|
| 040 |
|
|
|a OCLCS
|b eng
|c OCLCS
|d NSD
|d OCLCQ
|d FGA
|d AZN
|d OCLCQ
|d OCLCO
|d OCLCF
|d OCLCO
|d OCLCQ
|d WaSeSS
|
| 042 |
|
|
|a nsdp
|a pcc
|
| 043 |
|
|
|a n-us---
|
| 050 |
|
4 |
|a E184.S75
|b H54
|
| 082 |
0 |
4 |
|a 973/.0468/005
|2 20
|
| 130 |
0 |
|
|a Hispanic (Online)
|
| 222 |
|
0 |
|a Hispanic
|b (Washington, D.C. Online)
|
| 245 |
1 |
0 |
|a Hispanic
|h [electronic resource].
|
| 260 |
|
|
|a [Washington, D.C.] :
|b [Hispanic Pub. Corp.]
|
| 310 |
|
|
|a Monthly (except Jan./Feb. and June/July),
|b 2005-
|
| 321 |
|
|
|a Monthly (except Jan./Feb.),
|b <Apr. 1990->
|
| 321 |
|
|
|a Monthly,
|b Apr. 1988-
|
| 362 |
1 |
|
|a Print began with Apr. 1988.
|
| 506 |
|
|
|a License restrictions may limit access.
|
| 515 |
|
|
|a First issue preceded by a prototype issue dated Jan. 1988.
|
| 538 |
|
|
|a Mode of access: World Wide Web.
|
| 580 |
|
|
|a Has supplement: Guide to the top 25 colleges for Hispanics.
|
| 588 |
|
|
|a Description based on print version record.
|
| 588 |
|
|
|a Latest issue consulted: Vol. 18, issue 10 (Oct. 2005) (viewed ProQuest website Mar. 23, 2006).
|
| 650 |
|
0 |
|a Hispanic Americans
|v Periodicals.
|
| 650 |
|
0 |
|a Latin Americans
|z United States
|v Periodicals.
|
| 650 |
|
7 |
|a Hispanic Americans.
|2 fast
|0 (OCoLC)fst00957523
|
| 650 |
|
7 |
|a Latin Americans.
|2 fast
|0 (OCoLC)fst00993069
|
| 651 |
|
7 |
|a United States.
|2 fast
|0 (OCoLC)fst01204155
|
| 655 |
|
0 |
|a Electronic journals.
|
| 770 |
1 |
|
|t Guide to the top 25 colleges for Hispanics
|
| 776 |
1 |
|
|t Hispanic
|x 0898-3097
|w (DLC) 89655715
|w (OCoLC)17770329
|
| 856 |
4 |
0 |
|z Full text available from Research Library: 01/01/1994 to 12/31/2007
|u https://search.proquest.com/publication/5226
|